| 000 | 00444nam a2200181Ia 4500 | ||
|---|---|---|---|
| 001 | 10684 | ||
| 005 | 20260306161850.0 | ||
| 008 | 260306t1973||||xx |||||||||||||| ||spa|| | ||
| 041 | _aESP | ||
| 082 |
_a946.074 _bM26 |
||
| 100 |
_aMartínez Cuadrado, Miguel _eAUT |
||
| 245 | 0 | _aLa burguesía conservadora (1874-1931) | |
| 260 | _c1973 | ||
| 300 |
_a592 páginas : _c20 cm. |
||
| 650 | _aGEN | ||
| 654 | _aCHU | ||
| 942 |
_cLIB _dJUS _fJUS _2ddc _n |
||
| 999 |
_c10684 _d10684 |
||